| 000 | 00597nam a2200217Ia 4500 | ||
|---|---|---|---|
| 005 | 20241129120326.0 | ||
| 008 | 241129s9999||||xx |||||||||||||| ||und|| | ||
| 020 | _a9788180310430 | ||
| 037 | _aTB | ||
| 040 |
_aSDCL _beng _cSDCL |
||
| 041 |
_ahin _2hin |
||
| 084 |
_aO152,1M:g(S:55) R2 _qSDCL |
||
| 100 |
_aSingh Bachhan _9421943 |
||
| 245 | 0 | _aHritikalin Kaviyo Ki Prem Vayanjana | |
| 260 |
_aDelhi _bLokbharti Prakashan India _c2022 |
||
| 300 | _axxii,459p | ||
| 365 |
_aINR _b1595 |
||
| 650 | _aHindi | ||
| 942 |
_cTB _hO152,1M:g(S:55) R2 |
||
| 999 |
_c1234347 _d1234347 |
||